Quiz Avatarverse - Statistiques

Statistiques générales
  • Ce quiz a été pris 152 fois
  • Le résultat moyen est 15 sur 56
Statistiques - réponses
Réponse % Correct
Eau
100%
Air
99%
Feu
99%
Terre
98%
Aang
88%
Métal
81%
Korra
77%
Roku
77%
Sang
71%
Kyoshi
70%
La
67%
Bison volant
60%
Lave
59%
Glace
46%
Yangchen
41%
Wan
39%
Kuruk
31%
Dragon
26%
Éclairs
23%
Raava
21%
Vaatu
20%
Tui
18%
Taichi
17%
Lévitation
16%
Wan Shi Tong
16%
Koh
15%
Lémure
13%
Taupe-blaireau
13%
Canard-tortue
12%
Chien-ours polaire
12%
Soin
12%
Furet de feu
8%
Hei Bai
7%
Szeto
5%
Mère des visages
3%
Ours-ornitorinque
3%
Lapin-kangourou
2%
Abeille-scorpion
1%
Baguazhang
1%
Bourdon-Vautour
1%
Élan-lion à dents de sabre
1%
Kung-fu de Shaolin
1%
Loutre-pingouin
1%
Mouton-koala
1%
Aigle-corbeau
0%
Antilope-renard
0%
Carpe koï-éléphant
0%
Cerf-Puma
0%
Chat-alligator
0%
Chèvre-gorille
0%
Chien-anguille
0%
Crabe l'hermite
0%
Éléphant-lion
0%
Doryphore de canyon
0%
Hung Gar
0%
Marmotte siffleuse
0%
Aucun quiz correspondant
Distribution des résultats
% des personnes avec chaque résultat
Percentile par nombre de réponses
Votre historique - résultats
Vous n’avez pas pris ce quiz